Speeches and Other Presentation papers on the Workshop for Commissioners of the Public Service Commission and Authorized Officers of the Kenya Government (Record no. 3259)
[ view plain ]
| 000 -LEADER | |
|---|---|
| fixed length control field | 00479nam a22001217a 4500 |
| 008 - FIXED-LENGTH DATA ELEMENTS--GENERAL INFORMATION | |
| fixed length control field | 230703b xxu||||| |||| 00| 0 eng d |
| 082 ## - DEWEY DECIMAL CLASSIFICATION NUMBER | |
| Classification number | 351.16 |
| Item number | PSC |
| 100 ## - MAIN ENTRY--PERSONAL NAME | |
| Titles and words associated with a name | PSC |
| 245 ## - TITLE STATEMENT | |
| Title | Speeches and Other Presentation papers on the Workshop for Commissioners of the Public Service Commission and Authorized Officers of the Kenya Government |
| Remainder of title | Theme:'Management of the Civil service in the Next decade and Beyond" |
| 260 ## - PUBLICATION, DISTRIBUTION, ETC. (IMPRINT) | |
| Place of publication, distribution, etc. | Nairobi |
| Name of publisher, distributor, etc. | PSC |
| Date of publication, distribution, etc. | May 1996 |
| 300 ## - PHYSICAL DESCRIPTION | |
| Extent | 173p |
| 942 ## - ADDED ENTRY ELEMENTS (KOHA) | |
| Source of classification or shelving scheme | Dewey Decimal Classification |
| Koha item type | Books |
| Withdrawn status | Lost status | Source of classification or shelving scheme | Damaged status | Not for loan | Home library | Current library | Date acquired | Total Checkouts | Full call number | Barcode | Date last seen | Price effective from | Koha item type |
|---|---|---|---|---|---|---|---|---|---|---|---|---|---|
| Dewey Decimal Classification | County Hall Archives | County Hall Archives | 07/03/2023 | 351.16 PSC | 1000862 | 07/03/2023 | 07/03/2023 | Books | |||||
| Dewey Decimal Classification | County Hall Archives | County Hall Archives | 07/03/2023 | 351.16 PSC | 1000863 | 07/03/2023 | 07/03/2023 | Books | |||||
| Dewey Decimal Classification | County Hall Archives | County Hall Archives | 07/03/2023 | 351.16 PSC | 1000865 | 07/03/2023 | 07/03/2023 | Books |
